[Event "IND-ch U17 20th"]
[Site "Chakradharpur"]
[Date "2009.10.08"]
[Round "3"]
[White "Nayak, Biswajit"]
[Black "Samanta, Prantik"]
[Result "1-0"]
[WhiteElo "2023"]
[BlackElo "1681"]
[PlyCount "111"]
[EventDate "2009.10.07"]
[EventType "swiss"]
[EventRounds "11"]
[EventCountry "IND"]
[SourceTitle "CBM 132 Extra"]
[Source "ChessBase"]
[SourceDate "2009.11.03"]
[SourceVersion "1"]
[SourceVersionDate "2009.11.03"]
[SourceQuality "1"]

1. e4 d5 2. exd5 Qxd5 3. Nc3 Qd6 4. d4 Nf6 5. Nf3 a6 6. Ne5 Nc6 7. Nxc6 Qxc6 8. Be3 e6 9. a3 b5 10. Be2 Bb7 11. Bf3 Nd5 12. Nxd5 exd5 13. 0-0 0-0-0 14. Qd3 Kb8 15. c3 Bd6 16. a4 Qd7 17. axb5 axb5 18. b3 f5 19. c4 f4 20. Bd2 g5 21. Ra5 g4 22. Bxd5 c6 23. Be4 Bc7 24. Ra2 Qxd4 25. Qxd4 Rxd4 26. Bc3 Rxe4 27. Bxh8 bxc4 28. bxc4 Rxc4 29. Rb1 Rc5 30. Rab2 Rb5 31. Rxb5 cxb5 32. Rxb5 Kc8 33. Be5 Bd8 34. Bxf4 Ba6 35. Rc5+ Kd7 36. Rh5 Be2 37. Rxh7+ Ke6 38. Rh8 Kd7 39. h4 gxh3 40. Rxh3 Bb6 41. Be3 Bc7 42. Rh7+ Kc6 43. f4 Bd3 44. Rg7 Ba5 45. g4 Bc3 46. Rg8 Kd7 47. f5 Bc4 48. Ra8 Bd5 49. Ra7+ Ke8 50. g5 Be4 51. f6 Bg6 52. Bc5 Bb2 53. Rb7 Bc3 54. Re7+ Kd8 55. Bb6+ Kc8 56. Rc7+ 1-0